Central Library OPAC University of Rajshahi
Normal view MARC view

Entry Topical Term

Number of records used in: 2

001 - CONTROL NUMBER

  • control field: 13128

003 - CONTROL NUMBER IDENTIFIER

  • control field: BD-RjUL

005 - DATE AND TIME OF LATEST TRANSACTION

  • control field: 20240523100741.0

008 - FIXED-LENGTH DATA ELEMENTS

  • fixed length control field: 240523|| aca||aabn | a|a d

040 ## - CATALOGING SOURCE

  • Original cataloging agency: BD-RjUL
  • Transcribing agency: BD-RjUL

150 ## - HEADING--TOPICAL TERM

  • Topical term or geographic name entry element: Coleoptera
  • Form subdivision: Insect

670 ## - SOURCE DATA FOUND

  • Source citation: Work cat.: (BD-RjUL)83799: Begum, Mahmuda 13127, Combined Action of Insect Growth Regulator and Ultra-Violet Radiation Against Alphitobius Diaperinus (Panzer) (Coleoptera:Tenebrionidae) /, 2006